| 000 | 04107cam a22006255i 4500 | ||
|---|---|---|---|
| 001 | 21676905 | ||
| 005 | 20230321143744.0 | ||
| 006 | m |o d | | ||
| 007 | cr ||||||||||| | ||
| 008 | 180413s2018 si |||| o |||| 0|eng | ||
| 010 | _a 2019744813 | ||
| 020 | _a9789811087219 | ||
| 024 | 7 |
_a10.1007/978-981-10-8721-9 _2doi |
|
| 035 | _a(DE-He213)978-981-10-8721-9 | ||
| 040 |
_aDLC _beng _epn _erda _cDLC |
||
| 072 | 7 |
_aTEC002000 _2bisacsh |
|
| 072 | 7 |
_aTRP _2bicssc |
|
| 072 | 7 |
_aTRP _2thema |
|
| 072 | 7 |
_aTTDS _2thema |
|
| 082 | 0 | 4 |
_a629.1326 _223 _bSEN |
| 100 | 1 |
_aNg, Tian Seng. _eauthor. _9110926 |
|
| 245 | 1 | 0 |
_aFlight Systems and Control : _bA Practical Approach / _cby Tian Seng Ng. |
| 250 | _a1st ed. 2018. | ||
| 264 | 1 |
_aSingapore : _bSpringer Singapore : _bImprint: Springer, _c2018. |
|
| 300 | _a1 online resource (XXV, 241 pages 206 illustrations, 163 illustrations in color.) | ||
| 336 |
_atext _btxt _2rdacontent |
||
| 337 |
_acomputer _bc _2rdamedia |
||
| 338 |
_aonline resource _bcr _2rdacarrier |
||
| 347 |
_atext file _bPDF _2rda |
||
| 490 | 1 |
_aSpringer Aerospace Technology, _x1869-1730 |
|
| 505 | 0 | _aIntroduction -- Flight Mechanics -- Navigational Modules -- Flight Simulator Systems -- Tandem Rotor Helicopter Control -- Unmanned Aerial Vehicle System -- Rotorcrafts -- Flight Instrumentation Acquisition -- Recent And Future Developments. | |
| 520 | _aThis book focuses on flight vehicles and their navigational systems, discussing different forms of flight structures and their control systems, from fixed wings to rotary crafts. Software simulation enables testing of the hardware without actual implementation, and the flight simulators, mechanics, glider development and navigation systems presented here are suitable for lab-based experimentation studies. It explores laboratory testing of flight navigational sensors, such as the magnetic, acceleration and Global Positioning System (GPS) units, and illustrates the six-axis inertial measurement unit (IMU) instrumentation as well as its data acquisition methodology. The book offers an introduction to the various unmanned aerial vehicle (UAV) systems and their accessories, including the linear quadratic regulator (LQR) method for controlling the rotorcraft. It also describes a Matrix Laboratory (MATLAB) control algorithm that simulates and runs the lab-based 3 degrees of freedom (DOF) helicopter, as well as LabVIEW software used to validate controller design and data acquisition. Lastly, the book explores future developments in aviation techniques. | ||
| 588 | _aDescription based on publisher-supplied MARC data. | ||
| 650 | 0 |
_aAerospace engineering. _92467 |
|
| 650 | 0 |
_aAstronautics. _983801 |
|
| 650 | 0 | _aComputational intelligence. | |
| 650 | 0 |
_aControl engineering. _934982 |
|
| 650 | 0 | _aElectronic circuits. | |
| 650 | 0 | _aElectronics. | |
| 650 | 0 | _aMicroelectronics. | |
| 650 | 0 |
_aMicroprogramming. _993883 |
|
| 650 | 1 | 4 |
_aAerospace Technology and Astronautics. _0https://scigraph.springernature.com/ontologies/product-market-codes/T17050 _983803 |
| 650 | 2 | 4 |
_aCircuits and Systems. _0https://scigraph.springernature.com/ontologies/product-market-codes/T24068 |
| 650 | 2 | 4 |
_aComputational Intelligence. _0https://scigraph.springernature.com/ontologies/product-market-codes/T11014 |
| 650 | 2 | 4 |
_aControl and Systems Theory. _0https://scigraph.springernature.com/ontologies/product-market-codes/T19010 _934987 |
| 650 | 2 | 4 |
_aControl Structures and Microprogramming. _0https://scigraph.springernature.com/ontologies/product-market-codes/I12018 _9110927 |
| 650 | 2 | 4 |
_aElectronics and Microelectronics, Instrumentation. _0https://scigraph.springernature.com/ontologies/product-market-codes/T24027 _983475 |
| 776 | 0 | 8 |
_iPrint version: _tFlight systems and control. _z9789811087202 _w(DLC) 2018935953 |
| 776 | 0 | 8 |
_iPrinted edition: _z9789811087202 |
| 776 | 0 | 8 |
_iPrinted edition: _z9789811087226 |
| 776 | 0 | 8 |
_iPrinted edition: _z9789811342233 |
| 830 | 0 |
_aSpringer Aerospace Technology, _x1869-1730 _9110928 |
|
| 906 |
_a0 _bibc _corigres _du _encip _f20 _gy-gencatlg |
||
| 942 |
_2ddc _cBK |
||
| 999 |
_c593968 _d593968 |
||